| 000 -CABECERA |
| Longitud fija campo de control |
01126nam a2200253 a 4500 |
| 008 - CÓDIGOS DE INFORMACIÓN DE LONGITUD FIJA |
| Códigos de información de longitud fija |
140403s2014 spca c 000 0 cat|d |
| 017 ## - NÚMERO DE COPYRIGHT O DE DEPÓSITO LEGAL |
| Número de copyright o de depósito legal |
120-2014 |
| Agencia que asigna el número |
Oficina Dipòsit Legal Girona |
| 040 ## - FUENTE DE LA CATALOGACIÓN |
| Centro catalogador de origen |
ES-BaSLP |
| Lengua de catalogación |
cat |
| Centro transcriptor |
ES-BaSLP |
| 043 ## - CÓDIGO DE ÁREA GEOGRÁFICA |
| Código de área geográfica |
e-sp--- |
| Código local GAC |
e-spcg- |
| Fuente del código local |
catmarc |
| 080 ## - NÚMERO DE LA CLASIFICACIÓN DECIMAL UNIVERSAL |
| Número de la Clasificación Decimal Universal |
070(467.13)"1976/2014" |
| 080 ## - NÚMERO DE LA CLASIFICACIÓN DECIMAL UNIVERSAL |
| Número de la Clasificación Decimal Universal |
77(467.13)"1976/2014" |
| 245 10 - MENCIÓN DE TÍTULO |
| Título |
1976-2014 : |
| Resto del título |
la crònica dels canvis : el periodisme a les comarques gironines : [catàleg de l'exposició] : Casa de Cultura de Girona del 21 de març al 12 d'abril de 2014 / |
| Mención de responsabilidad, etc. |
[direcció: Enric Pujol] |
| 246 33 - VARIANTES DE TÍTULO |
| Título propio / Título en breve |
Mil nou-cents setanta-sis-dos mil catorze |
| 260 ## - PUBLICACIÓN, DISTRIBUCIÓN, ETC. (PIE DE IMPRENTA) |
| Lugar de publicación, distribución, etc. |
Girona : |
| Nombre del editor, distribuidor, etc. |
Col·legi de Periodistes de Catalunya. Demarcació de Girona, |
| Fecha de publicación, distribución, etc. |
2014 |
| 300 ## - DESCRIPCIÓN FÍSICA |
| Extensión |
197 p. : |
| Otras características físicas |
il. col. ; |
| Dimensiones |
24 cm |
| 650 #4 - PUNTO DE ACCESO ADICIONAL DE MATERIA - TÉRMINO DE MATERIA |
| Término de materia o nombre geográfico como elemento inicial |
Mitjans de comunicació de massa |
| Subdivisión geográfica |
Girona (Província) |
| Subdivisión de materia general |
Exposicions |
| 650 #4 - PUNTO DE ACCESO ADICIONAL DE MATERIA - TÉRMINO DE MATERIA |
| Término de materia o nombre geográfico como elemento inicial |
Fotografia periodística |
| Subdivisión geográfica |
Girona (Província) |
| Subdivisión de materia general |
Exposicions |
| 700 1# - PUNTO DE ACCESO ADICIONAL - NOMBRE DE PERSONA |
| Nombre de persona |
Pujol, Enric |
| Término indicativo de función |
dir. |
| 710 2# - PUNTO DE ACCESO ADICIONAL - NOMBRE DE ENTIDAD |
| Nombre de entidad o nombre de jurisdicción como elemento inicial |
Col·legi de Periodistes de Catalunya. |
| Unidad subordinada |
Demarcació de Girona |
| 710 2# - PUNTO DE ACCESO ADICIONAL - NOMBRE DE ENTIDAD |
| Nombre de entidad o nombre de jurisdicción como elemento inicial |
Fundació Casa de Cultura de Girona |
| 909 ## - |
| -- |
gaanvt |
| 909 ## - |
| -- |
ybrcr |
| 909 ## - |
| -- |
ggagbt |